<?xml version="1.0" encoding="UTF-8"?>
<collection xmlns="http://www.loc.gov/MARC21/slim">
 <record>
  <leader>01112nab a2200157 i 4500</leader>
  <controlfield tag="001">univ60892</controlfield>
  <controlfield tag="005">20220509155506.0</controlfield>
  <controlfield tag="008">211207s2021    hu      o     0||   hun d</controlfield>
  <datafield tag="040" ind1=" " ind2=" ">
   <subfield code="a">SZTE UnivHistória Repozitórium</subfield>
   <subfield code="b">hun</subfield>
  </datafield>
  <datafield tag="041" ind1=" " ind2=" ">
   <subfield code="a">hun</subfield>
  </datafield>
  <datafield tag="245" ind1="0" ind2="0">
   <subfield code="a">Kisbolygót neveztek el Karikó Katalinról az SZTE csillagászai</subfield>
   <subfield code="h">[elektronikus dokumentum]</subfield>
  </datafield>
  <datafield tag="260" ind1=" " ind2=" ">
   <subfield code="c">2021-12-06</subfield>
  </datafield>
  <datafield tag="490" ind1="0" ind2=" ">
   <subfield code="a">SzegedMa.hu</subfield>
  </datafield>
  <datafield tag="561" ind1=" " ind2=" ">
   <subfield code="a">Karikó Katalin sajtóarchívum</subfield>
  </datafield>
  <datafield tag="695" ind1=" " ind2=" ">
   <subfield code="a">Volt egyetemi hallgató - Karikó Katalin - egyetemi tanár - BioNTech alelnöke, Kutatás - Pfizer-BioNTech közös vakcinafejlesztés, Járvány - koronavírus, Járványügyi védekezés - koronavírus - vakcina - Pfizer-BioNTech - védőoltás, Kitüntetés, Névadás - kisbolygó - &quot;Karikókatalin&quot;, Csillagászok - Sárneczky Krisztián - Heiner Zsuzsanna, SZTE Fizikus Doktori Iskola, Természettudományi és Informatikai Kar - TTIK, Kisbolygókutatás, Szeged Asteorid Program</subfield>
  </datafield>
  <datafield tag="856" ind1="4" ind2="0">
   <subfield code="u">http://univ.bibl.u-szeged.hu/60892/1/Kisbolyg%C3%B3t%20neveztek%20el%20Karik%C3%B3%20Katalinr%C3%B3l%20az%20SZTE%20csillag%C3%A1szai%20_%20Szeged%20Ma.pdf</subfield>
   <subfield code="z">Dokumentum-elérés </subfield>
  </datafield>
 </record>
</collection>
